01762nam a2200337 4500001000400000003000400004005001700008008004100025020001800066040000800084041001300092082001500105100002800120240002100148245007100169260003200240300001100272490002400283500004900307520072700356650002901083650002401112650001901136655001601155655002001171700003501191830002901226942001501255952014101270999001301411187OSt20250528074014.0250131b |||||||e |||| 00| 1 eng d a9788565530378 bpor hengapor a813bD273p1 aDay, Sylviad1973-9345 aReflected in you aProfundamente sua /cDay, Sylvia ; Tradução de Alexandre Boide aSão PaulobParalelac2013 a310 p.1 aCrossfirevLivro 02 aProfundamente sua Sequência de :Toda sua  a"Gideon Cross. Ele é tão bonito e perfeito do lado de fora quanto é danificado e atormentado no interior. Ele era uma chama brilhante e ardente que me chamuscou com o mais escuro dos prazeres. Eu não poderia ficar longe. Eu não queria. Ele era o meu vício... meu desejo... todo meu. Meu passado foi tão violento quanto o dele, e eu estava tão machucada. Nós nunca iríamos ser normais. Era muito difícil, muito doloroso... exceto quando era perfeito. Aqueles momentos em que a voragem do amor desesperado eram a loucura mais requintada. Fomos completamente subjugados pela nossa necessidade. E a nossa paixão nos levaria além dos nossos limites para a mais doce borda da mais nítida obsessão." 0aLiteratura Americana984 0aAmor e Paixão925 0aErótico9305 0aRomance923 0aFicção 922 aAlexandre BoidieTradutor9248 aCrossfirevLivro 029346 2ddcn0cBK 00102ddc3vol. 0240708FICaBIBIBbBIBIBcLEd2014-03-21edoaçãol0o813 / D273pp2025-14865r2025-01-31 07:47:58w2025-01-31yBK c187d187